[Event "Qatar Masters op"]
[Site "Doha"]
[Date "2014.11.28"]
[Round "3"]
[White "Oleksienko, Mikhailo"]
[Black "Harikrishna, Pentala"]
[Result "1-0"]
[WhiteElo "2620"]
[BlackElo "2725"]
[Annotator "Szabo,Kr"]
[PlyCount "161"]
[EventDate "2014.11.26"]
[EventType "swiss"]
[EventRounds "9"]
[EventCountry "QAT"]
[SourceTitle "EXT 2016"]
[Source "ChessBase"]
[SourceDate "2015.10.08"]
[SourceVersion "1"]
[SourceVersionDate "2015.10.08"]
[SourceQuality "1"]
[WhiteClock "1:30:30"]
[BlackClock "1:30:30"]

1. Nf3 Nf6 2. g3 g6 3. Bg2 Bg7 4. O-O O-O 5. d4 d6 6. c4 Nbd7 7. Nc3 e5 8. e4
exd4 9. Nxd4 Re8 10. Re1 Nc5 11. h3 Bd7 12. Bf4 h6 13. Qc2 Nh7 $6 {A rare and
passive move.} (13... Nfxe4 {looks more logical} 14. Nxe4 Bxd4 15. Qd2 Bg7 16.
Nxc5 dxc5 17. Bxh6 Be6 18. Qf4 Bxh6 19. Qxh6 Qf6 20. b3 c6 $11 {with a nearly
equal position, Svidler-Radjabov, Astana rapid 2012.}) 14. Be3 Qc8 ({in case of
} 14... Ng5 15. f4 $1 Nxh3+ 16. Kh2 Qc8 17. Qe2 g5 18. f5 g4 19. Qxg4 Ng5 20.
Rad1 $16 {and White had a wonderful position, Zaitsev-Timoshenko, Bucharest
1993.}) 15. Kh2 h5 $146 {Novelty by Harikrishna.} ({Before} 15... a5 {was
played} 16. Rad1 Nf6 17. f4 h5 18. Bf2 a4 19. Nf3 $36 {and White has a
comfortable middlegame, Rogozenco-Markovic, Elista 1998.}) 16. Rad1 h4 {
A very ambitious play by Black. He would like to weaken White's kingside with
his h-P. Nevertheless White is active, his position looks more comfortable.}
17. g4 $1 {The right answer. Black can't control the dark squares on the
kingside easily, so White can try to play for f4.} Ne6 18. Nde2 (18. f4 $1 {
was the strongest reaction} Bxd4 19. Bxd4 Nxf4 20. Qd2 $1 {This is the point!
Black has a P up, but his dark squares are weak, White has a great initiative.}
Ne6 21. Bf2 g5 22. e5 $1 $16 {and White looks nicely placed.}) 18... g5 19. f4
gxf4 20. Nxf4 Nxf4 21. Bxf4 Bc6 (21... Nf8 $5) 22. Nd5 Be5 23. Qf2 Qd8 24. Bxe5
(24. Rf1 $1 {was better to keep the tension} Bxd5 25. Rxd5 Qf6 26. Qd2 Qg7 27.
b3 $36 {with some initiative on the kingside.}) 24... Rxe5 25. Ne3 $6 {White
would like to transfer his N to f5. On the other hand this is a little bit
accurate, because Black can activate his Q.} Qf6 26. Qxf6 Nxf6 27. Nf5 Rae8 28.
Nxh4 Bxe4 29. Rd2 Bxg2 30. Rxe5 Rxe5 31. Kxg2 {It is an interesting endgame,
which should be equal. Nevertheless White has a passed h-P, so he looks more
comfortable.} Re1 (31... Ne4 32. Re2) 32. Nf3 Rc1 33. b3 a6 (33... Kg7 $5 {
was also possible, for example} 34. Nd4 Kg6 35. Nb5 d5 36. cxd5 Rc5 $11 {
with equalizing.}) 34. Nd4 Nd7 35. Ne2 Re1 36. Kf2 Rh1 $6 {An inaccuracy. Now
White can force the exchange of Rs.} (36... Ra1 {was more logical} 37. Nc3 Rc1
$1 {otherwise Rd1.} 38. Nd5 Nc5 39. Kg2 Ne6 $11 {and Black can hold the
position.}) 37. Ng1 $1 Rh2+ 38. Ke1 Rxd2 39. Kxd2 {This is already unpleasant
for Black, because in N endgames the passed h-P is more important advantage.}
Ne5 40. Ke3 Kg7 41. Nf3 Nc6 ({Of course} 41... Nxf3 $2 42. Kxf3 Kg6 43. Kf4 $18
{is losing for Black.}) 42. Nd4 Ne5 43. Ke4 Kf6 44. Nf5 Nd7 45. h4 Nc5+ 46. Ke3
a5 47. Nd4 c6 48. Nf5 Ke5 49. h5 {White improves his N and pushes his h-P as
much as possible.} Ne6 50. Nh4 Kf6 51. Nf3 Nf8 52. Nd2 Ke5 53. h6 b6 54. Nf3+
Kf6 55. Nd4 Kg5 56. Nxc6 Kxh6 57. Nd8 Kg6 58. Nb7 {After some maneuvers White
gave his h-P, but he gains a P up.} f5 59. gxf5+ Kxf5 60. Nxd6+ $18 {One side
with a P up in a N endgame usually wins.} Ke5 61. Nc8 Nd7 62. Kd3 Nc5+ 63. Kd2
Nd7 64. Kc3 Kf6 65. b4 Ke5 66. b5 Ke4 67. c5 $1 {A strong break-through!} Nxc5
68. Nxb6 Nb7 69. Kc4 Ke5 70. Nc8 Ke6 71. b6 Kd7 72. Na7 a4 73. Kd5 Nd6 74. Nc6
Nb7 75. Ne5+ Kc8 76. Kc6 Nd8+ 77. Kb5 Ne6 78. Ka6 Nc5+ 79. Ka7 Nb7 80. Nc4 Nd8
81. Na5 {A nice victory by Oleksienko!} 1-0

[Event "Cappelle op 31st"]
[Site "Cappelle la Grande"]
[Date "2015.03.05"]
[Round "7"]
[White "Kovalenko, Igor"]
[Black "Kotronias, Vasilios"]
[Result "0-1"]
[WhiteElo "2656"]
[BlackElo "2565"]
[Annotator "RR"]
[PlyCount "154"]
[EventDate "2015.02.28"]
[EventType "swiss"]
[EventRounds "9"]
[EventCountry "FRA"]
[SourceTitle "EXT 2016"]
[Source "ChessBase"]
[SourceDate "2015.10.08"]
[SourceVersion "1"]
[SourceVersionDate "2015.10.08"]
[SourceQuality "1"]

1. d4 Nf6 2. c4 g6 3. Nf3 Bg7 {Le grec vient de sortir une monographie en
plusieurs volumes sur la défense Est-Indienne} 4. g3 O-O 5. Bg2 d6 6. Nc3 Nbd7
7. O-O e5 8. e4 c6 9. Be3 Ng4 10. Bg5 f6 11. Bc1 (11. Bd2 Nh6 12. Qc2 Nf7 13.
Rad1 Qe7 14. Rfe1 Ng5 15. Nxg5 fxg5 16. d5 c5 17. Nb5 Nb8 18. b4 Na6 19. a3 g4
20. Rb1 Rf7 21. Be3 b6 22. Rb2 h5 23. Ra1 Kh7 24. Qd2 Qf8 25. bxc5 Nxc5 26. a4
Nb7 27. c5 Nxc5 28. a5 Ba6 29. Nc3 Bh6 30. Bxh6 Qxh6 31. Qxh6+ Kxh6 32. axb6
Rb7 33. Bf1 Bxf1 34. Kxf1 Rab8 35. Na4 axb6 36. Nxc5 bxc5 37. Rxb7 Rxb7 38. Ra6
Rb4 39. Rxd6 Rxe4 40. Rc6 c4 {Anton Guijarro,D (2559)-Markus,R (2608) Skopje
2014 1/2-1/2 (65)}) 11... exd4 $1 12. Nxd4 Nc5 13. Rb1 {Le plan des Blancs
apparait un peu trop lent} (13. b4 $5 Ne6 {[%cal Gf6f5,Gg7d4]} 14. Qxg4 Nxd4
15. Qd1 f5 $36 {[%csl Ra1,Gg7]}) 13... a5 14. b3 (14. h3 $5 Ne5 15. b3 f5 16.
exf5) 14... f5 $1 $146 (14... Ne5 15. f4 Ned3 16. Be3 f5 17. exf5 Re8 18. Qd2
Qe7 19. Rf3 Bxf5 20. Nxf5 gxf5 21. a3 Rad8 22. Qc2 d5 23. cxd5 cxd5 24. Nb5 d4
25. Qc4+ Qe6 26. Qxe6+ Nxe6 27. Bd2 Ndc5 28. Bxa5 Rd7 29. Bh3 Rd5 30. Bf1 d3
31. Kg2 Rc8 32. a4 d2 33. Rd1 Ne4 34. Bc4 Rxc4 35. bxc4 Rd7 36. Bb4 b6 37. Kf1
Rd8 38. Ra3 Bb2 39. Re3 Bc1 40. Nc3 Nd4 41. Rd3 Kf7 42. Nb5 Nc2 43. Rxd8 Nxb4
44. Nd6+ {Kilgus,G (2445)-Gstach,J (2250) Vienna 2014 1-0}) 15. exf5 Qf6 $132
16. Nce2 Bxf5 17. Nxf5 Qxf5 18. Ba3 Nxf2 $1 {Malgré le clouage, les Noirs
peuvent encaisser le P} 19. Qxd6 Nce4 $17 20. Qf4 Qh5 $1 $40 21. Bxf8 Rxf8 $44
22. Bxe4 Nh3+ 23. Kh1 Nxf4 24. Nxf4 Qe5 25. Rfe1 Qc3 26. Re2 Bh6 27. Nd3 Rd8
28. Rf1 a4 $1 {Après la création d'une nouvelle faiblesse, la position
Blanche est sans espoir} 29. Nc5 axb3 30. axb3 Qb4 31. Ne6 Rd2 $19 32. Ree1
Qxb3 33. Ra1 Ra2 34. Rad1 Ra8 35. Bd3 Be3 36. Be2 Re8 37. Rd3 Qb6 38. Bg4 Bh6
39. c5 Qb4 40. Rd4 Qc3 41. Rfd1 Qe3 42. Nd8 Bf8 43. Nxb7 h5 44. Bh3 Qb3 45. Nd8
Re2 46. Rf1 Qa2 47. Ne6 Rxh2+ 48. Kg1 Be7 49. Ra4 Qxa4 50. Kxh2 Qa2+ 51. Kg1 g5
52. Bf5 Qd5 53. Kh2 Qe5 54. Kg2 g4 55. Rf4 Qd5+ 56. Kh2 Bxc5 57. Nxc5 Qxc5 58.
Be4 Kg7 59. Rf5 Qc4 60. Bg2 Kg6 61. Rf4 Qc2 62. Kh1 Qd1+ 63. Kh2 Qd6 64. Be4+
Kh6 65. Rf7 Qd2+ 66. Bg2 c5 67. Rc7 Qf2 68. Rc6+ Kg5 69. Rc8 Qd4 70. Rg8+ Kh6
71. Rc8 c4 72. Rc6+ Kg5 73. Re6 c3 74. Be4 Qf2+ 75. Bg2 c2 76. Rc6 Qd2 77. Re6
Qxg2+ 0-1

[Event "Dubai op 18th"]
[Site "Dubai"]
[Date "2016.04.19"]
[Round "9"]
[White "Pantsulaia, Levan"]
[Black "Akopian, Vladimir Eduardovic"]
[Result "0-1"]
[WhiteElo "2604"]
[BlackElo "2656"]
[Annotator "Schulz,Andre"]
[PlyCount "60"]
[EventDate "2016.04.11"]
[EventType "swiss"]
[EventRounds "9"]
[EventCountry "UAE"]
[SourceTitle "CBM 172 Extra"]
[Source "ChessBase"]
[SourceDate "2016.06.21"]
[SourceVersion "1"]
[SourceVersionDate "2016.06.21"]
[SourceQuality "1"]

1. Nf3 Nf6 2. g3 g6 3. Bg2 Bg7 4. O-O O-O 5. c4 d6 6. d4 Nbd7 7. Nc3 e5 8. h3 (
8. e4 {ist Zugumstellung.}) 8... exd4 9. Nxd4 Re8 10. e4 Nc5 (10... c6 11. Be3
Nc5 12. Qc2 {mit dem Familienduell:} Qe7 13. Rfe1 a5 14. b3 Bd7 15. Rad1 Nfxe4
16. Nxe4 Nxe4 17. Bf4 d5 18. f3 Qc5 19. fxe4 Bxd4+ 20. Kh2 Be5 21. Bxe5 Rxe5
22. exd5 Rxe1 23. Rxe1 cxd5 24. Qd2 d4 25. Rd1 Bc6 26. Qxd4 Qxd4 27. Rxd4 Rc8
28. Bxc6 Rxc6 29. Kg2 Kf8 30. Rd7 b6 31. Kf3 Ke8 32. Rb7 Re6 33. g4 h6 34. Ra7
Re7 35. Ra6 Rb7 36. Ke4 Ke7 37. Ke5 f6+ 38. Kd5 Rd7+ 39. Ke4 Rd6 40. c5 bxc5
41. Rxa5 Rd4+ 42. Ke3 Kd6 43. Ra8 h5 44. gxh5 gxh5 45. Rd8+ Ke5 46. Rxd4 cxd4+
{1-0 (46) L'Ami,E (2626)-L'Ami,A (2358) Vlissingen 2013}) 11. Re1 Bd7 (11... a5
12. Ndb5 $5) 12. Bf4 (12. b4 $5 Ne6 13. Nb3) 12... h6 13. Qc2 Nfxe4 14. Nxe4
Bxd4 15. Qd2 Rxe4 (15... Bg7 16. Nxc5 dxc5 17. Bxh6 Be6 18. Qf4 Bxh6 19. Qxh6
Qf6 20. b3 c6 21. Qe3 Bxh3 22. Qxc5 Bxg2 23. Kxg2 b6 24. Qb4 Kg7 25. Rxe8 Rxe8
26. Re1 Rxe1 27. Qxe1 Qb2 28. Qe3 Qxa2 29. Qd4+ Kg8 30. Qd8+ Kg7 31. Qd4+ Kg8
32. Qd8+ Kg7 {1/2-1/2 (32) Svidler,P (2749)-Radjabov,T (2788) Astana 2012}) 16.
Bxe4 $2 {Weiß, der das Abspiel offenbar nicht kennt, denkt, dass er gefahrlos
eine Qualität gewinnt, aber...} (16. Rxe4 {führt zum völligen Ausgleich:}
Nxe4 17. Qxd4 Ng5 18. Bd2 c5 19. Qxd6 Nxh3+ 20. Bxh3 Bxh3 21. Qxd8+ Rxd8 22.
Bxh6 $11) 16... Qf6 {Zwischenzug, Idee: Lxb2 und Lc3. Und g6-g5 droht auch
noch.} 17. Qc2 $6 (17. Rab1 Bxh3 18. Qc2 Rb8 19. Be3 {hielte den Schaden in
Grenzen. Schwarz hat dann zwei Bauern für die Qualität und die besseren
Chancen.}) 17... Ba4 {mit Rückgewinn der Qualität.} 18. b3 Bxa1 19. bxa4 Re8
20. Re2 Rxe4 21. Rxe4 Nxe4 22. Qxe4 Bd4 23. Qxb7 Qe6 24. Kg2 Qe2 {Die
Schwäche des Bauern f2 ist das Hauptproblem für Weiß.} 25. Qf3 Qxa2 26. Bxh6
Qxc4 27. a5 Qa2 28. Qf4 Qd5+ 29. Kh2 c5 30. a6 Qa2 (30... Qa2 31. Kg2 Qxa6 {
und der a-Bauer macht das Rennen.}) 0-1

[Event "Gashimov Memorial 4th"]
[Site "Shamkir"]
[Date "2017.04.23"]
[Round "3"]
[White "Eljanov, Pavel"]
[Black "Mamedyarov, Shakhriyar"]
[Result "0-1"]
[WhiteElo "2751"]
[BlackElo "2772"]
[Annotator "Lenderman,A"]
[PlyCount "132"]
[EventDate "2017.04.21"]
[EventType "tourn"]
[EventRounds "9"]
[EventCountry "AZE"]
[EventCategory "21"]
[SourceTitle "CBM 178"]
[Source "ChessBase"]
[SourceDate "2017.05.14"]
[SourceVersion "1"]
[SourceVersionDate "2017.05.14"]
[SourceQuality "1"]

{This is GM Aleksandr Lenderman with the analysis of the Game of the Day of
round three at the Gashimov Memorial. And what a sharp battle it was!
Eljanov-Mamedyarov is one of the most epic games I've seen in recent times,
with huge swings in evaluations at critical moments. That's completely
understandable when the position is as complicated this one was. Without
further ado, let's go through it.} 1. Nf3 Nf6 2. g3 g6 3. Bg2 Bg7 4. O-O O-O 5.
d4 d6 $5 {Black opts for the dynamic double-edged King's Indian Defence.} (5...
d5 {is more solid of course, leading most likely to Symmetrical Grünfeld
positions.}) 6. c4 Nbd7 7. Nc3 e5 8. e4 exd4 9. Nxd4 Re8 10. b3 {Eljanov spent
4 minutes here roughly, probably since he already had a game from this
position where he also played 10.b3 against Svidler. However, ultimately he
decided to test Mamedyarov's preparation, which shows how much faith he had in
his own analysis in this line.} a6 $5 {Mamedyarov deviates first. Actually
Mamedyarov had already had this position with Black against Vladimir Kramnik
in a rapid event in Geneva.} (10... Nc5 {was Svidler's choice.} 11. f3 c6 12.
Be3 d5 13. Nxc6 bxc6 14. Bxc5 dxc4 15. Qc2 Be6 16. f4 Ng4 17. e5 $6 (17. Rad1
$1 {is the computer's preference and likely Eljanov's prepared improvement.}
Qb8 18. bxc4 Bf8 19. Bd4 c5 20. Bf2 Bxc4 21. Rfe1 $14 {White is slightly
better since after e5, he will have control of the d5 square and active pieces,
while Black's f8 bishop will be restricted.}) 17... Bf8 $132 {1/2 (25) Eljanov,
P (2719)-Svidler,P (2732) Germany 2014; and from this double edged position
the game ended in a draw in a few moves.}) 11. Be3 Rb8 12. a4 $5 $146 {Now
Eljanov, after some thought, deviates from Kramnik's choice. The point of
course is prophylaxis against c5 followed by b5 counterplay. Also this is a
novelty according to my database.} (12. Qd2 {was Kramnik's choice.} c5 13. Nde2
b5 14. Qxd6 Ng4 $44 {0-1 Kramnik,V (2803)-Mamedyarov,S (2753) Geneva 2013.
Black has good compensation here for the pawn, and after a long battle, Black
won in 67 moves.}) 12... a5 {Played after roughly a 20-minute think, which
meant Mamedyarov was out of his preparation at this point. a5 is a logical
move though, since now that White played a4, Black has full control of the
c5-square outpost. Possibly it was a little bit more accurate though to start
with ...Nc5.} (12... Nc5 13. f3 a5 14. Ndb5 Nfd7 {and here Black has time to
stabilize his position. His next idea is ...b6 followed by ...Bb7. Also
starting with ...b6 instead of ...Nd7 deserved attention.} (14... b6 15. Qc2 c6
16. Nd4 Bb7 $132)) 13. Ndb5 b6 14. Qc2 Nc5 15. Rad1 $1 $14 {Just in time White
gets Rad1 in, which not only gets his rook in the game, but also prevents the
move ...c6, which would free up Black a little bit. Also the reason why the
rook from the a-file goes to d1, is because on a1, b1, or c1 it has no
prospects, while the rook on f1 might be potentially good on e1, protecting
the center, or f1, helping with a kingside attack.} Bb7 16. f3 Qe7 17. Rfe1
Rbd8 18. Bf2 $6 (18. Nd5 {might've been a little bit stronger to not let
Black's king away plus it places White's knight on a strong active square.}
Nxd5 19. cxd5 c6 20. dxc6 Bxc6 21. Bf1 $14 {The point now is...} d5 22. Bxc5
Qxc5+ 23. Qxc5 bxc5 24. Nc7 $1 Re5 25. Nxd5 Bxd5 26. Bc4 $1 {and White wins a
pawn.}) 18... c6 19. Nd4 Qc7 {Maybe it was better to keep the queen on e7, to
keep White's kingside expansion at bay.} (19... Nfd7 $5) 20. g4 Nfd7 21. Bh4
Bf6 22. Bg3 Na6 23. Na2 Ndc5 24. f4 Qe7 25. g5 Bg7 26. h4 f6 $1 {Beating White
to the punch. Otherwise White will play f5 sooner or later and really squeeze
Black.} 27. gxf6 Bxf6 28. h5 Qg7 $1 {The game is getting sharp now and both
players were starting to get low on time so some inaccuracies are about to
appear.} 29. Bf2 Nc7 {Getting the knight back into where all the action is.}
30. hxg6 hxg6 31. Nc3 N7e6 (31... Rd7 $5 {with the idea of ...Rf7 was an
interesting way to build harmony for Black.}) 32. Nce2 Nxd4 {A little bit
accommodating.} (32... Nf8 $5 {trying to keep White's knights from duplicating
each other was also an idea.}) 33. Nxd4 Rd7 34. Nf3 $1 Bc8 35. e5 $1 {White
starts playing very powerful chess.} dxe5 36. fxe5 (36. Nxe5 $5 {was also
interesting but complicated.}) 36... Rxd1 37. Qxd1 Be7 38. Nd4 Bg5 $6 {In huge
time pressure and in a complicated position it's understandable that Black
makes an inaccuracy, although the move ...Bg5 looks completely logical.} (38...
Qh6 $1 {would at least make Bxc6 not as appealing for White:} 39. Bxc6 (39.
Nxc6 Bg5 {and now Bg5 would be logical. However, after Nxc6, e6 isn't as easy
to get in for White. The position is still very complex.}) 39... Qg5+ 40. Bg2
Bb7 41. Nf3 Qf5 $44 {Black has a good initiative here thanks to his very
active pieces.}) 39. Bxc6 $1 Rf8 40. Nf3 Qh6 41. Bxc5 $1 {White continues to
play very precise chess. Black is in trouble now.} bxc5 42. Qd5+ Kg7 43. e6 $1
Rf5 $6 {Objectively a wrong move, but it created just enough practical trouble
for White to confuse matters and by a miracle it worked great for Black. Once
again this example shows how sometimes objectively moves that aren't the
mathematical best work best thanks to the practical value of making it more
difficult for the opponent to play.} (43... Be7 {Objectively this was a bit
more tenacious though White is still much better here.}) 44. Re5 $4 {And now,
just a few moves away from winning, White makes a blunder which tragically
spoils all the great work he's done to reach this position.} (44. e7 $1 {
was just simply winning.} Rxd5 45. e8=Q Rd8 (45... Rf5 46. Qxc8 Be3+ 47. Kg2
Qh5 48. Qd7+ Rf7 49. Qe6 $18) 46. Re7+ Bxe7 47. Qxe7+ $18) (44. Qd6 {was also
probably winning.}) 44... Qh3 $1 {Probably missed by Eljanov. Suddenly it's
anyone's game. Probably he only expected the more forcing moves.} (44... Be3+
$2 45. Kg2) (44... Bf6 $5 {was also giving Black excellent drawing chances.}
45. Rxf5 Qe3+ 46. Kg2 gxf5 47. Bd7 Ba6 48. e7 Qxe7 49. Qxf5 Qe2+ 50. Kg3 Bb7
$11) (44... Rxe5 $2 45. Qxe5+ Bf6 46. Qc7+ $18) 45. Qxc5 Qg3+ 46. Kf1 Rxf3+ $1
{Black sees he has at least a draw, and also has a chance to potentially to
play for more. Whenever we see a line like that, where a draw is guarnateed
and there might be more, there is usually a very good chance there might be an
opportunity to play for more, it often pays off to continue. The reason is
that the risk is low, since you have a draw in hand, and you also have the
opportunity toi hope for more.} (46... Bxe6 {was also possible:} 47. Rxf5 Bxf5
48. Qa7+ $11) 47. Bxf3 Qxf3+ 48. Qf2 Qd1+ 49. Qe1 Qd3+ 50. Qe2 Qg3 51. Qe4 $6 (
51. Rxa5 {is still complicated but looks like it draws.} Be3 {Was probably
what Eljanov was afraid of.} 52. Qb2+ $1 Kh7 53. Qf6 $1 {Not an easy geometry
to see though. White is probably worse without this idea, but now the queen
attacks and defends the key squares and Black has nothing better than to give
a perpetual.}) 51... Qh3+ $6 (51... Bh4 {should've been played right away.})
52. Qg2 Qd3+ 53. Qe2 Qg3 $1 (53... Qh3+ $11) 54. Qe4 $6 (54. Rxa5 $1) 54... Bh4
$1 {Black correctly realizes he has enough initiative to play for more than a
draw.} 55. Qe3 Qh2 $1 56. Rd5 $6 {Potentially putting the rook on a bad square.
} (56. Qa7+ {might be a little bit more tenacious.}) 56... Qh1+ 57. Ke2 Qe1+
58. Kf3 Qg3+ 59. Ke2 Qe1+ 60. Kd3 $5 {I don't think Eljanov is actually trying
to avoid a draw anymore. I just think Eljanov saw some lines he didn't like
after 60.Kf3 where Black can play for a win and changed his mind. It's a tough
call, since after both moves he's probably losing, but maybe 60.Kd3 offered
better practical chances.} (60. Kf3 Bxe6 61. Qe5+ Kf7 62. Qf4+ Bf6 63. Qc7+ Be7
64. Qf4+ Kg8 65. Qb8+ Bf8 $19 {should also be winning for Black in the long
run.}) 60... Qd1+ $1 61. Ke4 $5 {Good practical try in my opinion.} (61. Kc3
Bf6+ $19) (61. Qd2 Qxb3+ 62. Qc3+ Qxc3+ 63. Kxc3 Bxe6 64. Rxa5 (64. Rb5 g5 65.
Kd4 g4 66. Ke4 Bd8 $17) 64... Be1+ $19) 61... Bb7 62. Ke5 Bxd5 63. cxd5 (63.
Qf4 {also doesn't help.} Qf3 64. Qxh4 Qf5+ $19) 63... Be7 $1 {Actually the
only winning move. That's what I meant by saying Ke4 was a good practical try.
63...Be7 is a very strong move which keeps both White's pawns at bay and
White's king activity at bay as well. Now White is just lost.} (63... Bf6+ $4
64. Kd6 $16) (63... Qa1+ $2 64. Kd6 $11) 64. Qa7 Qe2+ 65. Kf4 g5+ {Still, it
is never too late to blunder with...} (65... Kf6 $4 66. Qd4+) 66. Kg3 Kf6 {
And now White is out of chances and about to be attacked by Black's remaining
pieces. A great battle, and great comeback by Mamedyarov and great start for
him in the tournament. On the flip side, a very big pity for Eljanov who had
started with 2/2 and came so close to starting 3/3... but one bad move spoiled
it for him.} 0-1